000 00324 a2200157 4500
001 52010
020 _a
040 _cAnchieta - Pituba
100 _aSamia
240 1 0 _a1ª Matemática II unidade
_lpor
245 1 0 _a1ª Matemática II unidade
300 _a5
362 0 _a2012
650 4 _aMatemática
942 _cBK
999 _c52010
_d52010